01397cam a2200325 a 450000100060000000300080000600500170001400800410003102000180007203500140009003500200010404000350012404100080015908200220016710000210018924502470021024601050045724600950056224600250065726000740068230000330075665000520078970000420084170000380088370000370092177600210095877600200097977600210099985600510102056526BD-RjUL20211209080416.0190527s2002 enka 000 0 eng  a9780750656399 a(BD-RjUL) a(OCoLC)53871755 aUKMcUKMdTXAdOCLCQdMYGbeng aeng04a660221bBAC 19621 aBackhurst, J. R.10aCoulson & Richardson's chemical engineering, J.M. Coulson and J.F. Richardson :bsolutions to the problems in Chemical engineering, volume 2 (5th edition) and volume 3 (3rd edition) /cby J.R. Backhurst and J.H. Harker ; with J.F. Richardson.30aSolutions to the problems in Chemical engineering, volume 2 (5th edition) and volume 3 (3rd edition)1 aChemical engineering :bsolutions to the problems in Chemical engineering, volumes 2 and 330aChemical engineering aOxford ;aNew Delhi :bButterworth-Heinemann,c2002 [Reprinted 2007]. axi, 340 p. :bill. ;c25 cm. 0aChemical engineeringvProblems, exercises, etc.1 aHarker, J. H.q(John Hadlett),d1937-1 aRichardson, J. F.q(John Francis)1 aCoulson, J. M.q(John Metcalfe).1 w(OCoLC)6241699581 w(OCoLC)548910771 w(OCoLC)19103504441uhttp://app.knovel.com/web/toc.v/cid:kpCRCEVS01